Книгоиздание СССР. Цифры и факты. 1917-1987: [справочник]

Podrobná bibliografie
Další autoři: Немировский Е. Л. Евгений Львович (автор предисловия), Платова М. Л. Марина Львовна (иллюстратор), Медведев М. М.
Jazyk:ruština
Vydáno: Москва, Книга, 1987
Témata:
Médium: MixedMaterials Kniha
KOHA link:https://koha.lib.tpu.ru/cgi-bin/koha/opac-detail.pl?biblionumber=244947

MARC

LEADER 00000nam0a2200000 4500
001 244947
005 20231101232108.0
010 |b 3000 экз. 
035 |a (RuTPU)RU\TPU\book\266342 
090 |a 244947 
100 |a 20131031d1987 m y0rusy50 ca 
101 0 |a rus 
102 |a RU 
105 |a a z 001zy 
200 1 |a Книгоиздание СССР. Цифры и факты. 1917-1987  |e [справочник]  |f авт. текста Е. Л. Немировский ; табл. сост. М. Л. Платовой ; худож. М. М. Медведев 
210 |a Москва  |c Книга  |d 1987 
215 |a 319 с.  |c ил.  |d 10,5 см. 
320 |a Указатель таблиц: с. 314-319. 
610 1 |a СССР 
610 1 |a книжное дело 
610 1 |a издательское дело 
610 1 |a издательства 
610 1 |a справочники 
610 1 |a миниатюрные издания 
686 |a Ч617  |v LBC/SL-A  |2 rubbk 
686 |a Ч611.68  |v LBC/SL-A  |2 rubbk 
702 1 |a Немировский  |b Е. Л.  |c российский книговед  |c доктор исторических наук  |f 1925-  |g Евгений Львович  |2 stltpush  |3 (RuTPU)RU\TPU\pers\14494  |4 080  |9 4823 
702 1 |a Платова  |b М. Л.  |g Марина Львовна  |4 080 
702 1 |a Медведев  |b М. М.  |4 440 
801 1 |a RU  |b 63413507  |c 20131031 
942 |c BK